| 000 | 00562nam a2200217Ia 4500 | ||
|---|---|---|---|
| 005 | 20260429112310.0 | ||
| 008 | 260429s9999||||xx |||||||||||||| ||und|| | ||
| 020 | _a9789357516686 | ||
| 041 | _aEnglish | ||
| 082 |
_a363.7 _bDAV |
||
| 100 | _aDavis, Ezra | ||
| 245 | 0 |
_aUninhabitable earth / _cEzra Davis |
|
| 260 |
_aNew Delhi : _bRandom Publications, _c2025. |
||
| 300 | _ax, 304 p.; hb | ||
| 650 | _a Ecology | ||
| 650 | _a Environmental crisis | ||
| 650 | _a Global warming | ||
| 650 | _a Sustainability | ||
| 650 | _aClimate change | ||
| 942 | _cTB | ||
| 999 |
_c53373 _d53373 |
||